000 00869nam a22002537a 4500
003 SISC
005 20160818160217.0
008 130209t xxu||||| |||| 00| 0 eng d
020 _a9789712367250
050 _aG 155.P6
_b.C112 2014
100 _aCabulay, Danny Araneta.
_930588
245 _aPhilippine tourism laws :
_ba comprehensive guide to studying laws relevant to the Philippine tourism industry /
_cDanny Araneta Cabulay, Christine Palafox Carpio-Aldeguer.
250 _a2nd edition.
260 _aManila :
_bRex Book Store,
_c2014.
300 _axii, 397 pages :
_billustrations ;
_c25 cm.
500 _aIncludes bibliographical references and index.
650 _a BSBA.
_930589
650 _aTourism.
_911065
650 _aPhilippine
_vTourism laws.
_930590
942 _2lcc
_cBK
_kLOC
999 _c284801
_d284801